000 00794nam a2200181 a 4500
008 120416s9999 ||||||||||||||||| || u
050 _aHD 7287 Win
100 _aWinpenny, James T
245 1 0 _aHousing and jobs for the poor
246 _athe employment implications of public policies for the supply of low income housing
260 _aLondon
_bUniv. College. Bartlett School of Archit
_c
300 _a52 pages
350 _a0.00
650 0 _aHOUSING POLICY
650 _aHOUSING
995 _aMAIN LIBRARY OPEN ACCESS
_D0.00
_e711272
_FCBU-MAIN LIBRARY (Kitwe)
_H2
_I0.00
_jHD 7287 Win
_M2
_ULOST
_y711272
_ZMain Library Open Access Collection
995 _aBINDERY (DAMAGED)
_D0.00
_e703398
_FCBU-MAIN LIBRARY (Kitwe)
_H1
_I0.00
_jHD 7287 Win
_M1
_UDAMAGED
_y004354
_ZMain Library Open Access Collection
999 _c76345
_d76345